000 00476nam a2200193Ia 4500
005 20240823030224.0
008 240823s9999||||xx |||||||||||||| ||und||
020 _a978-81-317-0389-2
041 _aENGLISH
082 _A629.1354 Q1
100 _aPallett E H J
245 0 _aAircraft Electrical Systems
250 _a3rd
260 _c2011
_b"Pearson Education,New "
500 _aYES
650 _aAircraft
_bAeronautical Engineering
942 _cBK
999 _c188182
_d188182